logo

Bir Sreshtho Munshi Abdur Rouf Library
Jhenaidah Cadet College

Islam and gender : (Record no. 12327)

MARC details
000 -LEADER
fixed length control field 00764nam a2200241 a 4500
001 - CONTROL NUMBER
JCCL Control Number 12327
003 - CONTROL NUMBER IDENTIFIER
JCCL marc code BD-JhCC
005 - DATE AND TIME OF LATEST TRANSACTION
control field 20211026100905.0
008 - FIXED-LENGTH DATA ELEMENTS--GENERAL INFORMATION
fixed length control field 210608s2016 bg |||| |||| 000 0 eng d
020 ## - INTERNATIONAL STANDARD BOOK NUMBER
International Standard Book Number 9789848471432
035 ## - SYSTEM CONTROL NUMBER
system control number (BD-JhCC)12327
040 ## - CATALOGING SOURCE
Original cataloging agency BD-JhCC
Modifying agency BD-JhCC
041 ## - LANGUAGE CODE
Language code of Book eng
082 ## - DEWEY DECIMAL CLASSIFICATION NUMBER
Classification number 297.0815492
Author mark and Year HAN 2016
100 ## - MAIN ENTRY--PERSONAL NAME
Personal name Hannan, Shah Abdul
245 ## - TITLE STATEMENT
Title Islam and gender :
Remainder of title the Bangladesh Perspective /
Statement of responsibility, etc Shah Abdul Hannan; Mohammad Shawkat Ali (tr.)
260 ## - PUBLICATION, DISTRIBUTION, ETC. (IMPRINT)
Place of publication, distribution, etc Dhaka :
Name of publisher, distributor, etc Bangladesh Institute of Islamic Thought (BIIT)
Date of publication, distribution, etc 2016.
300 ## - PHYSICAL DESCRIPTION
Pagination 132 p. :
Dimensions 20 cm.
650 ## - SUBJECT ADDED ENTRY--TOPICAL TERM
Topical term or geographic name as entry element Sex--Religious aspects--Islam
Geographic subdivision Bangladesh
650 ## - SUBJECT ADDED ENTRY--TOPICAL TERM
Topical term or geographic name as entry element Gender identity--Religious aspects--Islam
700 ## - ADDED ENTRY--PERSONAL NAME
Personal name Ali, Mohammad Shawkat
942 ## - ADDED ENTRY ELEMENTS (KOHA)
Source of classification or shelving scheme Dewey Decimal Classification
Koha item type Books
Holdings
Source of classification or shelving scheme Damaged status Not for loan Home library Current library Shelving location Date of accession Cost, normal purchase price Total Checkouts Full call number Barcode Date last seen Copy number Koha item type
Dewey Decimal Classification     JCC Rouf Library JCC Rouf Library General Stacks 06/08/2021 180.00   297.0815492 HAN 2016 16842 10/26/2021 C-1 Books

JCC Library | Contacts | JCC Home

Last Update on 23 September 2017
Copyright @ 2017-2020 JCC Rouf Library
Rouf Library, Jhenidah Cadet College (JCC), Bangladesh